000 00721cam a22002537a 4500
001 001929
003 armpunfd
005 20140612090654.0
008 060504e0####xx#a##########000#0#und#d
040 _aarmpunfd
_carmpunfd
080 _a340.1 SO 71
100 1 0 _a Sosa Dupuis, P.B
245 1 0 _aIntroduccion al derecho 1
260 _a Uenos Aires : Pedro Aquino Y Cia
_b1927. 275 P.
650 7 _a Codigo Napoleon
_2LEMB
650 7 _a Derecho Privado
_2LEMB
650 7 _a Derecho Publico
_2LEMB
650 7 _a Derecho
_2LEMB
650 7 _a Historia Del Derecho
_2LEMB
650 7 _a Recopilacion De Indias
_2LEMB
650 7 _a Sociologia
_2LEMB
942 _cLB
_2cdu
945 _aCatalis
_d2010-08-19
999 _c1920
_d232424